000 00614nam a22002177a 4500
001 00260
003 DO-SdBNP
005 20180307114122.0
008 151214b 1980 nyu xxu||||| |||| 00| 0 spa d
020 _a0070148201
040 _aBPMSU
_bspa
_cBPMSU
092 _axxxxx
_bxxxxx
100 1 _aCrouse, William Harry,
_d1907-
245 1 0 _aAutomotive mechanics /
_cWilliam Harry Crouse.
260 _aNew York :
_bGregg Division, McGraw-Hill,
_c1980.
300 _avi, 634 p. :
_bil. ;
_c29 cm.
910 _a00260
942 _2ddc
_cBK
945 _ainventariado, 2018 / dg
956 _aLorenza Pérez
_b10
999 _c9114
_d9114